000
00292nam a22001337a 4500
008
170804b xxu||||| |||| 00| 0 eng d
020
_a
9781861001269
041
_a
eng
080
_a
004
100
_a
33
101
_a
SHK
245
_a
ACTIVE SERVER PAGES 2.0
_c
FEDOROV,A
942
_2
udc
_c
BK
999
_c
22696
_d
22696